000 00742nam a2200229 i 4500
001 64554
003 ES-MaACL
005 20251001175244.0
007 t|
008 031229s1982 sp ||||1| spa d
100 1 _aFontaine, Jacques.
_951583
245 1 3 _aEl mozárabe /
_c[texto de Jacques Fontaine ; fotografíaas de Zodiaque ; traducción, Victoria Bastos, Carlos Rodríguez Lafora].
260 _a[Madrid :
_bEncuentro,
_c1982]
300 _a470 p., 147 lám. ;
_c23 cm.
490 1 _aLa España románica
700 0 _aZodiaque
_9118322
700 1 _aBastos, Victoria.
_926380
700 1 _aLafora, Carlos.
_969508
830 0 _aLa España románica
_9182338
852 _aES-MaACL
_jL-2593
_bR.103395
999 _c64554
_d64554